=LDR 00000nam 2200000 4500 =001 NUTBA000000000003864 =005 20140828100246.0 =006 =007 =008 =020 ##$$a 978-602-8045-30-8 =035 ##$$a 0010-081400000000709 =040 ##$$a NBPDMAT =090 ##$$a 510 $b Jan g =100 ##$$a Janu Ismadi =245 ##$$a Gema matematika untuk SMP/MTS kelas VII/ $c Janu Ismadi, M. Andy Rudhito; editor, Susento, Valenta R. =260 ##$$a Jakarta : $b Perca, $c 2012 =300 ##$$a vi, 244 hlm. : $b ilus. ; $c 29 cm. =500 ##$$a Bibliografi : hlm. 241 =650 ##$$a Matematika SMP =700 ##$$a M. Andy Rudhito =850 ##$$a NBPDMAT =990 ##$$a 21406872 =990 ##$$a 0001/BPAP-NTB/20142014